| 000 | 00541nam a2200193 a 4500 | ||
|---|---|---|---|
| 005 | 20221020063415.0 | ||
| 008 | 991125s1988 mx 000 0 spa u | ||
| 020 | _a9681300149 | ||
| 035 | _aUPN01000052978 | ||
| 049 | _aCG | ||
| 050 | 4 |
_aHM263 _bK4.78 |
|
| 100 | 1 | _aKey, Wilson Bryan | |
| 245 | 1 | 0 |
_aSeducción subliminal / _cWilson Bryan Key ; tr. Guadalupe García de León del Paso. |
| 260 |
_aMéxico : _bDiana, _c1988. |
||
| 300 |
_a284 p. : _bil. |
||
| 650 | 4 | _aPROPAGANDA COMERCIAL | |
| 650 | 2 |
_aPublicidad _95809 |
|
| 905 | _aLibro | ||
| 999 |
_c52978 _d52978 |
||